[Event "Titled Tuesday intern op 05th Sep Late"]
[Site "Chess.com INT"]
[Date "2023.09.05"]
[Round "2"]
[White "Todev, Simeon"]
[Black "Svane, Rasmus"]
[Result "0-1"]
[WhiteElo "1999"]
[BlackElo "2641"]
[PlyCount "80"]
[EventDate "2023.09.05"]
[EventType "swiss (blitz)"]
[EventRounds "11"]
[EventCountry "USA"]
[SourceTitle "EXT 2024"]
[Source "ChessBase"]
[SourceDate "2023.10.10"]
[SourceVersion "1"]
[SourceVersionDate "2023.10.10"]
[SourceQuality "1"]

1. e4 c6 2. Nf3 d5 3. exd5 cxd5 4. c4 Nf6 5. d4 g6 6. Nc3 Bg7 7. Bg5 dxc4 8. Bxc4 0-0 9. Qd2 Bf5 10. Bh6 Nc6 11. Bxg7 Kxg7 12. d5 Na5 13. Be2 Rc8 14. 0-0 Bg4 15. Rfe1 Bxf3 16. Bxf3 Nc4 17. Qe2 Qb6 18. Na4 Qb4 19. b3 Nd6 20. Nb2 Rc7 21. Nd3 Qb5 22. Rac1 Rfc8 23. Rxc7 Rxc7 24. h3 Nf5 25. Qe5 Rd7 26. Nf4 Qb4 27. Re4 Qd6 28. Qc3 Rc7 29. Rc4 Rxc4 30. Qxc4 Qe5 31. Nd3 Qa1+ 32. Nc1 Qb2 33. Qc7 h5 34. Nd3 Qb1+ 35. Nc1 Nd4 36. Bd1 Qe4 37. Qxb7 Qe1+ 38. Kh2 Qxd1 39. Qxa7 Ne4 40. Qxe7 Nxf2 0-1

[Event "Titled Tuesday intern op 29th Aug Early"]
[Site "Chess.com INT"]
[Date "2023.08.29"]
[Round "1"]
[White "Csonka, Balazs"]
[Black "Todev, Simeon"]
[Result "1-0"]
[WhiteElo "2480"]
[BlackElo "1999"]
[PlyCount "53"]
[EventDate "2023.08.29"]
[EventType "swiss (blitz)"]
[EventRounds "11"]
[EventCountry "USA"]
[SourceTitle "EXT 2024"]
[Source "ChessBase"]
[SourceDate "2023.10.10"]
[SourceVersion "1"]
[SourceVersionDate "2023.10.10"]
[SourceQuality "1"]

1. c4 g6 2. d4 Bg7 3. e4 Nf6 4. e5 Ng8 5. f4 d6 6. Nf3 Bg4 7. Be3 Nd7 8. h3 Bxf3 9. Qxf3 c5 10. dxc5 dxe5 11. Nc3 exf4 12. Qxf4 e5 13. Qf3 Ne7 14. 0-0-0 Nc6 15. Nb5 0-0 16. Nd6 Qa5 17. Nxb7 Qc7 18. Nd6 Rab8 19. Nb5 Qb7 20. Rd6 Rfc8 21. Be2 a6 22. Rhd1 Nf6 23. Rxf6 Bxf6 24. Qxf6 Ne7 25. Bf3 Rc6 26. Bxc6 Nxc6 27. Bh6 1-0

[Event "Titled Tuesday intern op 29th Aug Early"]
[Site "Chess.com INT"]
[Date "2023.08.29"]
[Round "6"]
[White "Povshednyi, Ivan"]
[Black "Todev, Simeon"]
[Result "1-0"]
[WhiteElo "2223"]
[BlackElo "1999"]
[PlyCount "71"]
[EventDate "2023.08.29"]
[EventType "swiss (blitz)"]
[EventRounds "11"]
[EventCountry "USA"]
[SourceTitle "EXT 2024"]
[Source "ChessBase"]
[SourceDate "2023.10.10"]
[SourceVersion "1"]
[SourceVersionDate "2023.10.10"]
[SourceQuality "1"]

1. d4 g6 2. e4 Bg7 3. Nc3 d6 4. Be3 Nf6 5. h3 0-0 6. Nf3 Nbd7 7. Bc4 e5 8. dxe5 Nxe5 9. Nxe5 dxe5 10. 0-0 Be6 11. Bxe6 fxe6 12. Qe2 c6 13. a4 Nh5 14. g3 Qf6 15. Kh2 Nf4 16. Qf3 Nd5 17. Qxf6 Nxf6 18. a5 Rfd8 19. Rfd1 Ne8 20. Rxd8 Rxd8 21. Bxa7 Rd2 22. Rd1 Rxc2 23. Rd8 Kf7 24. Rd7+ Kf6 25. Rxb7 Nd6 26. Rb4 Bf8 27. Bc5 Kf7 28. a6 Nb5 29. Bxf8 Nxc3 30. a7 Ne2 31. a8Q Nd4 32. Rxd4 exd4 33. Kg2 d3 34. Qd8 d2 35. Qe7+ Kg8 36. Qg7# 1-0

[Event "Titled Tuesday intern op 29th Aug Late"]
[Site "Chess.com INT"]
[Date "2023.08.29"]
[Round "6"]
[White "Todev, Simeon"]
[Black "Wafa, Hamed"]
[Result "0-1"]
[WhiteElo "1999"]
[BlackElo "2178"]
[PlyCount "34"]
[EventDate "2023.08.29"]
[EventType "swiss (blitz)"]
[EventRounds "11"]
[EventCountry "USA"]
[SourceTitle "EXT 2024"]
[Source "ChessBase"]
[SourceDate "2023.10.10"]
[SourceVersion "1"]
[SourceVersionDate "2023.10.10"]
[SourceQuality "1"]

1. e4 e5 2. Nf3 Nc6 3. d4 exd4 4. Bc4 Nf6 5. 0-0 Nxe4 6. Re1 d5 7. Bxd5 Qxd5 8. Nc3 Qa5 9. Nxe4 Be6 10. Neg5 0-0-0 11. Nxe6 fxe6 12. Rxe6 Bd6 13. Bg5 Rde8 14. Qe2 Ne5 15. Nxd4 Rxe6 16. Nxe6 Re8 17. Nxg7 Nf3+ 0-1

[Event "Titled Tuesday intern op 29th Aug Early"]
[Site "Chess.com INT"]
[Date "2023.08.29"]
[Round "8"]
[White "Wafa, Hamed"]
[Black "Todev, Simeon"]
[Result "1-0"]
[WhiteElo "2178"]
[BlackElo "1999"]
[PlyCount "73"]
[EventDate "2023.08.29"]
[EventType "swiss (blitz)"]
[EventRounds "11"]
[EventCountry "USA"]
[SourceTitle "EXT 2024"]
[Source "ChessBase"]
[SourceDate "2023.10.10"]
[SourceVersion "1"]
[SourceVersionDate "2023.10.10"]
[SourceQuality "1"]

1. e4 c5 2. Nc3 Nc6 3. Nge2 e6 4. d4 d5 5. exd5 exd5 6. g3 Nf6 7. Bg2 cxd4 8. Nxd4 Bc5 9. Nxc6 bxc6 10. 0-0 0-0 11. Na4 Bd6 12. c4 dxc4 13. Bxc6 Bh3 14. Bg2 Qd7 15. Nc3 Bxg2 16. Kxg2 Rad8 17. Bg5 Qb7+ 18. Qf3 Qxb2 19. Bxf6 gxf6 20. Rab1 Qc2 21. Rbc1 Qg6 22. Ne4 Be5 23. Rxc4 Rfe8 24. Rc6 Re6 25. Rfc1 Kg7 26. h4 Rd4 27. Rxe6 fxe6 28. Nc5 f5 29. Qb7+ Kh6 30. Re1 Rd5 31. Qc8 f4 32. Nxe6 fxg3 33. Qf8+ Kh5 34. Rxe5+ Rxe5 35. Nf4+ Kg4 36. Nxg6 hxg6 37. Qf3+ 1-0

[Event "Speed Chess Q2 Sw"]
[Site "Chess.com INT"]
[Date "2023.08.23"]
[Round "7"]
[White "Todev, Simeon"]
[Black "Asylov, Miras"]
[Result "1/2-1/2"]
[WhiteElo "1999"]
[BlackElo "2243"]
[PlyCount "128"]
[EventDate "2023.08.23"]
[EventType "swiss (blitz)"]
[EventRounds "14"]
[EventCountry "USA"]
[SourceTitle "CBM 215 Extra"]
[Source "ChessBase"]
[SourceDate "2023.09.30"]
[SourceVersion "1"]
[SourceVersionDate "2023.09.30"]
[SourceQuality "1"]

1. e4 c5 2. Nf3 e6 3. d4 cxd4 4. Nxd4 Nf6 5. Nc3 d6 6. Be3 Be7 7. Qd2 Ng4 8. Bb5+ Nd7 9. 0-0 Nxe3 10. Qxe3 0-0 11. Rad1 a6 12. Bc4 Qc7 13. Bxe6 fxe6 14. Nxe6 Qb6 15. Nxf8 Qxe3 16. fxe3 Bxf8 17. Nd5 Nc5 18. e5 Bg4 19. Rd4 Be2 20. Rf2 dxe5 21. Rd2 Bg4 22. h3 Be6 23. Nc7 Rc8 24. Nxe6 Nxe6 25. c3 g6 26. Rd7 Rc7 27. Rff7 Rxd7 28. Rxd7 Nc5 29. Rc7 Bd6 30. Rc8+ Kf7 31. Kf1 Nd7 32. Ke2 Nf6 33. Rd8 Ke7 34. Rh8 h5 35. Kd3 Bc5 36. e4 Bd6 37. Rc8 Nd7 38. Rg8 Kf7 39. Rd8 Ke7 40. Rg8 Kf6 41. Kc4 Nf8 42. Kd5 Be7 43. Rh8 Kg7 44. Rxf8 Bxf8 45. Kxe5 Kf7 46. Kd5 Ke7 47. e5 Bh6 48. g4 hxg4 49. hxg4 Be3 50. c4 b6 51. b4 Bd2 52. a3 Bc1 53. a4 Bd2 54. c5 bxc5 55. bxc5 Ba5 56. c6 Bc7 57. g5 a5 58. Kc5 Ke6 59. Kb5 Kxe5 60. Ka6 Kd6 61. Kb7 Bd8 62. Kc8 Bb6 63. Kb7 Bc7 64. Kc8 Kxc6 1/2-1/2

[Event "Speed Chess Q2 Sw"]
[Site "Chess.com INT"]
[Date "2023.08.23"]
[Round "4"]
[White "Todev, Simeon"]
[Black "Bongo Akanga Ndjila, Barthelemy"]
[Result "1-0"]
[WhiteElo "1999"]
[BlackElo "1824"]
[PlyCount "45"]
[EventDate "2023.08.23"]
[EventType "swiss (blitz)"]
[EventRounds "14"]
[EventCountry "USA"]
[SourceTitle "CBM 215 Extra"]
[Source "ChessBase"]
[SourceDate "2023.09.30"]
[SourceVersion "1"]
[SourceVersionDate "2023.09.30"]
[SourceQuality "1"]

1. e4 e6 2. d4 d5 3. exd5 exd5 4. Nf3 Bd6 5. Bd3 Ne7 6. 0-0 Bf5 7. c4 dxc4 8. Bxc4 c6 9. Nc3 0-0 10. Re1 Nd7 11. Bg5 Re8 12. Qb3 Rf8 13. d5 Nc5 14. Qd1 h6 15. Bh4 g5 16. Nxg5 hxg5 17. Bxg5 f6 18. Bh6 Kh7 19. Qh5 Bg6 20. Qh3 cxd5 21. Bxf8+ Kg8 22. Nxd5 Kxf8 23. Nxe7 1-0

[Event "Titled Tuesday intern op 22nd Aug Early"]
[Site "Chess.com INT"]
[Date "2023.08.22"]
[Round "10"]
[White "Todev, Simeon"]
[Black "Wu, Derek"]
[Result "0-1"]
[WhiteElo "1999"]
[BlackElo "2171"]
[PlyCount "120"]
[EventDate "2023.08.22"]
[EventType "swiss (blitz)"]
[EventRounds "11"]
[EventCountry "USA"]
[SourceTitle "EXT 2024"]
[Source "ChessBase"]
[SourceDate "2023.10.10"]
[SourceVersion "1"]
[SourceVersionDate "2023.10.10"]
[SourceQuality "1"]

1. e4 c5 2. Nf3 d6 3. c3 Nf6 4. Be2 g6 5. 0-0 Bg7 6. d3 0-0 7. Be3 Nc6 8. Re1 Ng4 9. Qd2 Nxe3 10. Qxe3 Qb6 11. Qd2 Bg4 12. Na3 a6 13. Nc4 Qc7 14. h3 Bxf3 15. Bxf3 b5 16. Ne3 e6 17. Nc2 Rac8 18. Rad1 Ne5 19. Be2 Rfd8 20. f4 Nc6 21. Bf3 b4 22. d4 bxc3 23. bxc3 Na5 24. Ne3 h5 25. f5 cxd4 26. cxd4 Qc3 27. fxe6 fxe6 28. Qe2 Bxd4 29. Rd3 Qb2 30. Rd2 Qc3 31. Rd3 Qc5 32. Kh1 Bg7 33. Red1 Nc6 34. Qf2 Ne5 35. Rb3 Rf8 36. Qg3 Rf7 37. Be2 Rcf8 38. Nf1 Qf2 39. Qxf2 Rxf2 40. Bxa6 Rxa2 41. Rxd6 Rxa6 42. Rxa6 Rxf1+ 43. Kh2 Kf7 44. Rb7+ Kf6 45. Rbb6 Kg5 46. Rxe6 Rf4 47. Kg3 h4+ 48. Kh2 Rxe4 49. Ra5 Kh6 50. Ra7 Nf3+ 51. gxf3 Rxe6 52. Kg2 Re2+ 53. Kf1 Rh2 54. Ra4 Rxh3 55. Kg2 Rg3+ 56. Kh2 Bf6 57. Rf4 Bg5 58. Rf8 Kg7 59. Ra8 Rxf3 60. Ra7+ Kh6 0-1

[Event "Titled Tuesday intern op 18th Jul Late"]
[Site "Chess.com INT"]
[Date "2023.07.18"]
[Round "3"]
[White "Osmonbekov, Talaibek D"]
[Black "Todev, Simeon"]
[Result "1-0"]
[WhiteElo "2137"]
[BlackElo "2033"]
[PlyCount "45"]
[EventDate "2023.07.18"]
[EventType "swiss (blitz)"]
[EventRounds "11"]
[EventCountry "USA"]
[SourceTitle "EXT 2024"]
[Source "ChessBase"]
[SourceDate "2023.10.10"]
[SourceVersion "1"]
[SourceVersionDate "2023.10.10"]
[SourceQuality "1"]

1. d4 g6 2. Nc3 Bg7 3. e4 e6 4. f4 d5 5. e5 h5 6. Nf3 Nh6 7. Bd3 Nd7 8. 0-0 c5 9. Nb5 0-0 10. c3 a6 11. Nd6 Qb6 12. Kh1 Rd8 13. Ng5 Bf8 14. Ndxf7 Nxf7 15. Bxg6 Nxg5 16. fxg5 Qb5 17. a4 Qc4 18. b3 Qxc3 19. Qxh5 Bh6 20. Qxh6 Nf6 21. gxf6 Rd7 22. f7+ Rxf7 23. Bxf7# 1-0

[Event "Titled Tuesday intern op 18th Jul Late"]
[Site "Chess.com INT"]
[Date "2023.07.18"]
[Round "10"]
[White "Ugarte Soto, Cesar"]
[Black "Todev, Simeon"]
[Result "1-0"]
[WhiteElo "2088"]
[BlackElo "2033"]
[PlyCount "43"]
[EventDate "2023.07.18"]
[EventType "swiss (blitz)"]
[EventRounds "11"]
[EventCountry "USA"]
[SourceTitle "EXT 2024"]
[Source "ChessBase"]
[SourceDate "2023.10.10"]
[SourceVersion "1"]
[SourceVersionDate "2023.10.10"]
[SourceQuality "1"]

1. d4 g6 2. Bf4 Bg7 3. e3 d5 4. Nf3 c5 5. c3 Nc6 6. h3 Bf5 7. Bd3 Qb6 8. Bxf5 Qxb2 9. Bd7+ Kxd7 10. Nbd2 Qxc3 11. Rc1 Qa5 12. Rxc5 Qxa2 13. 0-0 e6 14. Qe2 b6 15. Rxc6 Kxc6 16. Rc1+ Kb7 17. Qb5 Nf6 18. Rc7+ Kb8 19. Rxf7+ Kc8 20. Qc6+ Kd8 21. Qc7+ Ke8 22. Qe7# 1-0

[Event "Titled Tuesday intern op 11th Jul Late"]
[Site "Chess.com INT"]
[Date "2023.07.11"]
[Round "4"]
[White "Todev, Simeon"]
[Black "Banzea, Alexandru Bogdan"]
[Result "0-1"]
[WhiteElo "2033"]
[BlackElo "2394"]
[PlyCount "110"]
[EventDate "2023.07.11"]
[EventType "swiss (blitz)"]
[EventRounds "11"]
[EventCountry "USA"]
[SourceTitle "EXT 2024"]
[Source "ChessBase"]
[SourceDate "2023.10.10"]
[SourceVersion "1"]
[SourceVersionDate "2023.10.10"]
[SourceQuality "1"]

1. e4 c6 2. c4 d5 3. exd5 cxd5 4. d4 Nf6 5. Nc3 e6 6. Nf3 Be7 7. Bg5 0-0 8. h3 Nc6 9. Bxf6 Bxf6 10. cxd5 exd5 11. Be2 Re8 12. 0-0 Be6 13. Qd2 Qd7 14. Rfe1 Rac8 15. Rac1 Na5 16. Bb5 Nc6 17. Na4 Qd6 18. Nc5 b6 19. Nxe6 Rxe6 20. Rxe6 fxe6 21. Qe3 Ne7 22. Rxc8+ Nxc8 23. Ng5 Bxg5 24. Qxg5 Ne7 25. Bd3 h6 26. Qh5 Qd7 27. Qg4 Nc6 28. Qg6 Qf7 29. Qh7+ Kf8 30. Qh8+ Qg8 31. Qxg8+ Kxg8 32. f4 Nxd4 33. Kf2 Kf7 34. Ke3 Nc6 35. f5 e5 36. Bb5 Ne7 37. Bd7 Kf6 38. g4 g6 39. fxg6 Nxg6 40. Bc6 Nf4 41. h4 Ke6 42. Be8 Kd6 43. h5 Ne6 44. Bf7 Ng5 45. Bg8 d4+ 46. Kd3 Kc5 47. a3 e4+ 48. Kd2 a5 49. Bb3 Kd6 50. Ke2 Ke5 51. Kf2 Kf4 52. Bd1 d3 53. b4 e3+ 54. Kg2 axb4 55. axb4 e2 0-1

[Event "Titled Tuesday intern op 20th Jun Late"]
[Site "Chess.com INT"]
[Date "2023.06.20"]
[Round "2"]
[White "Todev, Simeon"]
[Black "Shuvalov, Evgenij"]
[Result "1-0"]
[WhiteElo "2033"]
[BlackElo "2038"]
[PlyCount "83"]
[EventDate "2023.06.20"]
[EventType "swiss (blitz)"]
[EventRounds "11"]
[EventCountry "USA"]
[SourceTitle "EXT 2024"]
[Source "ChessBase"]
[SourceDate "2023.10.10"]
[SourceVersion "1"]
[SourceVersionDate "2023.10.10"]
[SourceQuality "1"]

1. e4 e6 2. Nf3 d5 3. Nc3 Nf6 4. exd5 exd5 5. d4 Be7 6. Bg5 0-0 7. Bd3 Bg4 8. 0-0 Nc6 9. Be2 Ne4 10. Bxe7 Nxe7 11. Nxe4 dxe4 12. Ne5 Bxe2 13. Qxe2 Qxd4 14. Nc4 f5 15. Rad1 Qc5 16. Rd7 Ng6 17. b4 Qxb4 18. Rxc7 Rac8 19. Rxc8 Rxc8 20. Ne3 Qc5 21. Rd1 Nf4 22. Qd2 g6 23. Qd7 Qc7 24. Qb5 Qc6 25. Qb3+ Kg7 26. g3 Ne2+ 27. Kg2 Nc3 28. Rd4 b5 29. Qa3 Rc7 30. Rd8 Rf7 31. Rd6 Qc7 32. Qb4 Kh6 33. Qd4 a5 34. Rf6 b4 35. Nxf5+ Kg5 36. h4+ Kh5 37. g4+ Kxg4 38. Rxf7 Qf4 39. Ne3+ Qxe3 40. Qxe3 Kxh4 41. Qg3+ Kh5 42. Rxh7# 1-0

[Event "Titled Tuesday intern op 21st Mar Late"]
[Site "Chess.com INT"]
[Date "2023.03.21"]
[Round "6"]
[White "Baskakov, Egor"]
[Black "Todev, Simeon"]
[Result "0-1"]
[WhiteElo "2215"]
[BlackElo "2119"]
[PlyCount "128"]
[EventDate "2023.03.21"]
[EventType "swiss (blitz)"]
[EventRounds "11"]
[EventCountry "USA"]
[SourceTitle "EXT 2024"]
[Source "ChessBase"]
[SourceDate "2023.10.10"]
[SourceVersion "1"]
[SourceVersionDate "2023.10.10"]
[SourceQuality "1"]

1. e4 c5 2. Nf3 Nc6 3. Nc3 e5 4. Nd5 Nf6 5. Nxf6+ Qxf6 6. Bc4 d6 7. h3 Be6 8. Qe2 Be7 9. 0-0 0-0 10. d3 Qg6 11. Kh2 f5 12. exf5 Rxf5 13. Bxe6+ Qxe6 14. c3 Raf8 15. Ne1 Bg5 16. Bxg5 Rxg5 17. Nc2 Ne7 18. f4 Rgf5 19. fxe5 Rxf1 20. Rxf1 Rxf1 21. Qxf1 Qxe5+ 22. Kg1 Nf5 23. Qf3 d5 24. Kf2 b6 25. a4 Nd6 26. Qe3 Qf5+ 27. Kg1 h6 28. b4 c4 29. Nd4 Qf6 30. b5 cxd3 31. Qxd3 Ne4 32. Qe3 Qd6 33. c4 Nf6 34. Nf5 Qc5 35. Qxc5 bxc5 36. Ne7+ Kf7 37. Nxd5 Nxd5 38. cxd5 Ke7 39. Kf2 Kd6 40. Ke3 Kxd5 41. Kd3 c4+ 42. Kc3 Kc5 43. g3 g6 44. Kc2 Kb4 45. g4 g5 46. b6 axb6 47. Kb2 Kxa4 48. Kc3 b5 49. Kd4 Kb4 50. Ke5 c3 51. Kf6 c2 52. Kg6 c1Q 53. Kxh6 Qf4 54. Kh5 Qh2 55. Kxg5 Qxh3 56. Kf5 Kc4 57. Kf4 Kd5 58. g5 Qh8 59. g6 Qg8 60. Kg5 b4 61. g7 Ke6 62. Kg6 b3 63. Kh6 Kf5 64. Kh5 Qh7# 0-1

[Event "Titled Tuesday intern op 21st Mar Late"]
[Site "Chess.com INT"]
[Date "2023.03.21"]
[Round "2"]
[White "Todev, Simeon"]
[Black "Sztokbant, Bernardo Vainzoff"]
[Result "0-1"]
[WhiteElo "2119"]
[BlackElo "2213"]
[PlyCount "82"]
[EventDate "2023.03.21"]
[EventType "swiss (blitz)"]
[EventRounds "11"]
[EventCountry "USA"]
[SourceTitle "EXT 2024"]
[Source "ChessBase"]
[SourceDate "2023.10.10"]
[SourceVersion "1"]
[SourceVersionDate "2023.10.10"]
[SourceQuality "1"]

1. e4 c5 2. Nf3 d6 3. c3 Nf6 4. Bd3 g6 5. Bc2 Bg7 6. 0-0 0-0 7. d4 Nc6 8. Re1 cxd4 9. cxd4 Bg4 10. Be3 Nd7 11. Nc3 Rc8 12. Ba4 Qa5 13. Bxc6 bxc6 14. h3 Bxf3 15. Qxf3 Rb8 16. e5 dxe5 17. Qxc6 exd4 18. Bxd4 Bxd4 19. Qxd7 Qb6 20. Re2 e6 21. Ne4 Rfd8 22. Qe7 Qb5 23. Rd2 Qe5 24. Re1 Kg7 25. Rde2 Qd5 26. Ng5 Rd7 27. Nxe6+ Kg8 28. Qh4 fxe6 29. Rxe6 Rf8 30. Re8 Rdf7 31. Rxf8+ Rxf8 32. Re2 Qc4 33. Rd2 Qc1+ 34. Kh2 Qxd2 35. Qe4 Qxf2 36. Qe6+ Kg7 37. Qd7+ Rf7 38. Qd5 Qf4+ 39. Kh1 Qf1+ 40. Kh2 Bg1+ 41. Kg3 Qf4# 0-1